000 01940cam7a220036101 4500
001 lce00194844
005 20190823110627.0
008 711020r19701897ne h b 001 0 eng
010 _a 76582675 //r903
015 _aNe***
020 _cFl60.00
035 _a(Sirsi) r100579
035 _a(DLC) 76582675 //r903
035 _a(UPRA)lce00194844
040 _aDLC
_cDLC
_dDLC
041 0 _aengheb
050 0 0 _aBM506.A2
_bE5 1970
082 0 0 _a296.1/2
130 0 _aMishnah. Avot.
_pMishnah. Avot.
245 1 0 _aSayings of the Jewish Fathers.
_bSefer dibre Aboth ha-Olam. Comprising Pirque Aboth in Hebrew and English with critical notes and excursuses
_c[edited by] Charles Taylor.
250 _a2d ed., with additional notes and a Cairo fragment of Aquila's version of the Old Testament, and an appendix containing a catalogue of manuscripts and notes on the text of the Aboth, with an index.
_b2d ed., with additional notes and a Cairo fragment of Aquila's version of the Old Testament, and an appendix containing a catalogue of manuscripts and notes on the text of the Aboth, with an index.
260 _aAmsterdam,
_bPhilo Press,
_c1970.
500 _aReprint of the Cambridge ed. 1897-1900.
504 _aIncludes bibliographical references.
630 0 0 _aMishnah. Avot -- Commentaries.
_pMishnah. Avot -- Commentaries.
_xMishnah. Avot -- Commentaries.
_6S45246.1
630 0 0 _aMishnah. Avot -- Manuscripts -- Catalogs.
_pMishnah. Avot -- Manuscripts -- Catalogs.
_xMishnah. Avot -- Manuscripts -- Catalogs.
_xMishnah. Avot -- Manuscripts -- Catalogs.
_6S45247.1
650 0 _aManuscripts, Hebrew -- Catalogs.
_xManuscripts, Hebrew -- Catalogs.
_6S45248.1
700 1 _aTaylor, Charles, 1840-1908.
_dTaylor, Charles, 1840-1908.
_6A58842.1
730 _a02a38.2..1.8 p38.2..10.5 l38.2..16.8
_f1970.
740 0 _aSefer dibre Aboth ha-Olam.
949 _aBM506.A2
_wlcc
_i-143368
_mMAIN
_tBOOK
_lON-SHELF
004 100579
999 _c151410
_d151410